000 01544nam a2200289 i 4500
003 EG-GICUC
005 20260426174127.0
008 260426t1989 fr ||||fr|||| 000 0 Fre d
040 _a EG-GICUC
_c EG-GICUC
_d EG-GICUC
_erda
_bfre
041 0 _afre
082 0 4 _221
_a343
_bDR
092 0 4 _221
099 _aLaw1 10 343 DR [1989]
245 0 0 _aDroit Pénal Contemporain :
_bMélanges En L'honneur D'andré Vitu.
264 1 _aParis :
_bÉditions Cujas,
_c[1989].
300 _a468 pages, pages non numérotées ;
_c24 cm.
336 _2rda content
_atext
337 _2rda media
_aComputer
338 _2rda carrier
_aOnline Resource
500 _aLa LOI Du 11 Mars 1957 N'autorisant, Aux Termes Des Alinéas 2 Et 3 De L'article 41, D'une Part, Que Les Copies Ou Reproductions Strictement Réservées À L'usage Privé Du Copiste Et Non Destinées À Une Utilisation Collective, E D'autre Part, Que Les Analyses Et Les Courtes Citations Dans UN But D'exemple Et D'illustration, Toute Représentation Ou Reproduction Intégrale, Ou Partielle, Fuite Sans Le Consentement De L'auteur Ou De SES Ayants Droit Ou Ayants Cause, Est Illicite (Alinéa 1" De L'article 40). Cette Représentation Ou Reproduction, Par Quelque Procédé Que Ce Soit, Constituerait Donc Une Contrefaçon Sanctionnée Par Les Articles 425 Et Suivants Du Code Pénal.
546 _aTexte en français
650 1 _2Droit pénal
651 1 _2qrmak
856 4 0 _uhttps://fll.law.cu.edu.eg/fulltext/bks/B10-11576.pdf
905 _a62
942 _2ddc
_cBK
_e21
_n0
999 _c73495
_d73495